| 000 -LEADER |
| fixed length control field |
02002nam a2200313 a 4500 |
| 001 - CONTROL NUMBER |
| control field |
ASIN1848854463 |
| 005 - DATE AND TIME OF LATEST TRANSACTION |
| control field |
20170105102845.0 |
| 008 - FIXED-LENGTH DATA ELEMENTS--GENERAL INFORMATION |
| fixed length control field |
130802s2010 xxu eng d |
| 020 ## - INTERNATIONAL STANDARD BOOK NUMBER |
| International Standard Book Number |
1848854463 (paperback) |
| 020 ## - INTERNATIONAL STANDARD BOOK NUMBER |
| International Standard Book Number |
9781848854468 (paperback) |
| 040 ## - CATALOGING SOURCE |
| Original cataloging agency |
0 |
| 050 04 - LIBRARY OF CONGRESS CALL NUMBER |
| Classification number |
DS371.2 |
| 082 04 - DEWEY DECIMAL CLASSIFICATION NUMBER |
| Classification number |
958.104 |
| 100 1# - MAIN ENTRY--PERSONAL NAME |
| Personal name |
Rashid, Ahmed. |
| 245 10 - TITLE STATEMENT |
| Title |
Taliban : |
| Remainder of title |
the power of militant islam in afghanistan and beyond / |
| Statement of responsibility, etc. |
Ahmed Rashid. |
| 260 ## - PUBLICATION, DISTRIBUTION, ETC. |
| Place of publication, distribution, etc. |
[S.l.] : |
| Name of publisher, distributor, etc. |
I.B.Tauris, |
| Date of publication, distribution, etc. |
2010. |
| 300 ## - PHYSICAL DESCRIPTION |
| Extent |
344 p. ; |
| Dimensions |
20 cm. |
| 520 ## - SUMMARY, ETC. |
| Summary, etc. |
The American bombing of terrorist bases in Afghanistan under the protection of the Islamic fundamentalist Taliban movement has brought the Taliban into sharp focus as the most radical and extreme Islamic movement in the world today. Little is known about the Taliban because of the deep secrecy that surrounds their political movement, their leaders and their aims. The geo-strategic implications of the Taliban are already creating severe instability in Russia, Iran and the five Central Asian republics where the Taliban have become a major player in the new Great Game, as Western countries and companies compete to build oil and gas pipelines from Central Asia to Western and Asian markets. The Taliban's implementation of their extreme interpretation of Islam poses new challenges to the Muslim world and the West's understanding of radical Islam in the post-Cold War era. 'Taliban: Islam, Oil and the New Great Game' was runner-up in the prestigious annual British-Kuwait Friendship Society Prize, administered by the British Society for Middle Eastern Studies. |
| 650 #0 - SUBJECT ADDED ENTRY--TOPICAL TERM |
| Topical term or geographic name entry element |
Afghanistan |
| 650 #0 - SUBJECT ADDED ENTRY--TOPICAL TERM |
| Topical term or geographic name entry element |
Asia, Central |
| 650 #0 - SUBJECT ADDED ENTRY--TOPICAL TERM |
| Topical term or geographic name entry element |
Islam and politics |
| 650 #0 - SUBJECT ADDED ENTRY--TOPICAL TERM |
| Topical term or geographic name entry element |
Islam and state |
| 650 #0 - SUBJECT ADDED ENTRY--TOPICAL TERM |
| Topical term or geographic name entry element |
Islamic fundamentalism |
| 650 #0 - SUBJECT ADDED ENTRY--TOPICAL TERM |
| Topical term or geographic name entry element |
Petroleum industry and trade--Political aspects |
| 650 #0 - SUBJECT ADDED ENTRY--TOPICAL TERM |
| Topical term or geographic name entry element |
Political science |
| 650 #0 - SUBJECT ADDED ENTRY--TOPICAL TERM |
| Topical term or geographic name entry element |
Taliban |
| 856 40 - ELECTRONIC LOCATION AND ACCESS |
| Materials specified |
Amazon.com |
| Uniform Resource Identifier |
<a href="http://www.amazon.com/exec/obidos/ASIN/1848854463/chopaconline-20">http://www.amazon.com/exec/obidos/ASIN/1848854463/chopaconline-20</a> |
| 942 ## - ADDED ENTRY ELEMENTS (KOHA) |
| Source of classification or shelving scheme |
|
| Koha item type |
Book |